000 00639nam a22001217a 4500
008 110627t xxu||||| |||| 00| 0 eng d
010 _aHCMAF104
245 _aHigh Court Misc. Application No. 547 OF 2002 (CV-CIVIL SUIT NO. 207/2002) Kasoma Mwesigwa(A minor suing through Nadiwalana Harriet as Mother and next Friend) Vs George W. Kasoma and 2 others
260 _c2002
500 _aBEFORE: HON. MR. JUSTICE V.A.R. RWAMISAZI-KAGABA
999 _c4146
_d4146